|
|
|
|
| LEADER |
00000nas a2200000 4500 |
| 001 |
ssj0000503931 |
| 003 |
WaSeSS |
| 005 |
20200512172242.0 |
| 006 |
m d |
| 007 |
cr n |
| 008 |
110131c20109999enkfr p s u0 0eng c |
| 010 |
|
|
|a 2012247798
|
| 022 |
|
|
|a 2045-080X
|l 2045-080X
|
| 035 |
|
|
|a (WaSeSS)ssj0000503931
|
| 040 |
|
|
|a CNCGM
|b eng
|c CNCGM
|d OCLCQ
|d NTE
|d OCLCQ
|d PFM
|d CUS
|d OCLCF
|d CUS
|d OCLCO
|d CUS
|d OCLCQ
|d OCLCO
|d OCLCQ
|d UAB
|d WT2
|d OCLCQ
|d OCLCO
|d OCLCQ
|d AU@
|d OCLCO
|d WYU
|d OCLCQ
|d OCLCO
|d RDF
|d OCLCA
|d OCLCQ
|d OCLCA
|d WaSeSS
|
| 042 |
|
|
|a pcc
|
| 050 |
|
4 |
|a RS1
|
| 210 |
1 |
0 |
|a Arch. pharm. pract.
|
| 245 |
0 |
0 |
|a Archives of Pharmacy Practice
|h [electronic resource].
|
| 260 |
|
|
|a Sheffield, U.K. :
|b Archives of Pharmacy Practice
|
| 310 |
|
|
|a Semiannual
|
| 362 |
1 |
|
|a Began with vol. 1, issue 1 (2010).
|
| 506 |
|
|
|a License restrictions may limit access.
|
| 588 |
0 |
|
|a Vol. 1, issue 1 (2010); title from journal home page (publisher's Web site, viewed June 15, 2011).
|
| 588 |
1 |
|
|a Vol. 3, issue 2 (2012) (viewed Dec. 5, 2012).
|
| 650 |
|
0 |
|a Pharmacy
|v Periodicals.
|
| 650 |
|
2 |
|a Pharmacy.
|
| 650 |
|
7 |
|a Pharmacy.
|2 fast
|0 (OCoLC)fst01060285
|
| 655 |
|
0 |
|a Electronic journals.
|
| 776 |
0 |
8 |
|i Print version:
|t Archives of pharmacy practice
|x 2320-5210
|
| 856 |
4 |
0 |
|z Full text available from Research Library: 01/01/2010 to 04/30/2017
|u https://search.proquest.com/publication/616386
|